| 000 | 01199cam a22003377a 4500 | ||
|---|---|---|---|
| 003 | CHAP | ||
| 005 | 20220329140247.0 | ||
| 008 | 971013s1983 r 00010 d | ||
| 010 | _a49385 | ||
| 011 | _a50357 | ||
| 035 | _a54507 | ||
| 040 | _cCHAP | ||
| 090 | _aTesis | ||
| 100 | 0 | 0 |
_aFarnum, Ralph Wilton. _939785 |
| 245 | 1 | 3 | _aLa producción y uso integral del cultivo de maíz de temporal para aumentar la productividad de la tierra en las pequeñas explotaciones agrícolas del altiplano de México |
| 260 |
_aChapingo, Méx. : _bEl autor, _c1983 |
||
| 300 |
_a317 h. _b: gráfs. |
||
| 502 | _aTesis (M.C. Esp. en Suelos) -- Colegio de Postgraduados. Centro de Edafología | ||
| 590 |
_aALEPH _b10 _c20130110 _lUCH01 _h1322 |
||
| 590 |
_aBATCH-UPD _b10 _c20130110 _lUCH01 _h0831 |
||
| 590 |
_aBATCH-UPD _b10 _c20130410 _lUCH01 _h0509 |
||
| 590 |
_aBATCH-UPD _b10 _c20130913 _lUCH01 _h2146 |
||
| 590 |
_aCONVERSION _b10 _c20130109 _lUCH01 _h1327 |
||
| 650 | 1 | 4 |
_aAgricultura de temporal. _91999 |
| 650 | 1 | 4 |
_aMaíz como forraje. _971109 |
| 650 | 1 | 4 |
_aMaíz _xSubproductos. _971064 |
| 650 | 1 | 4 |
_aPlan Puebla. _988678 |
| 901 | _aBK | ||
| 942 | _cTESIS | ||
| 949 |
_bBC _cTES _d-120229 _eTS1 _i54507 _si |
||
| 999 |
_c49385 _d49385 |
||